000 00499nam a2200169Ia 4500
008 090201s9999 xx 000 0 und d
010 _aKPL-49198
040 _bमराठी
041 _aमराठी
082 _a51303
_b49198
100 _aविजय पांढरीपांडे
245 _a1990
_cविजय पांढरीपांडे
260 _c2007
_bमेनका प्रकाशन
300 _a179
_bमोठा
600 _a1990
942 _cBOOK
999 _c247786
_d247786